[Event "2nd GMA World Cup prel  #2"]
[Site "Moscow URS"]
[Date "1989.??.??"]
[Round "5"]
[White "Gavrikov, Viktor"]
[Black "Kuzmin, Gennady"]
[Result "1/2-1/2"]
[WhiteElo "2535"]
[BlackElo "2505"]
[EventDate "1989.05.??"]
[PlyCount "33"]

1.d4 Nf6 2.c4 e6 3.Nf3 d5 4.Nc3 Be7 5.Bg5 O-O 6.e3 Nbd7 7.Qc2 c6 8.Rd1 Re8
9.a3 h6 10.Bh4 dxc4 11.Bxc4 Nd5 12.Bxe7 Qxe7 13.Ne4 b6 14.O-O Bb7 15.Ne5 
Rac8 16.Qe2 N5f6 17.Nxf6+ 1/2-1/2

[Event "2nd GMA World Cup prel  #2"]
[Site "Moscow URS"]
[Date "1989.??.??"]
[Round "5"]
[White "Murey, Jacob"]
[Black "Gurevich, Dmitry"]
[Result "1-0"]
[WhiteElo "2560"]
[BlackElo "2480"]
[EventDate "1989.05.??"]
[PlyCount "55"]

1.c4 c5 2.Nf3 Nf6 3.Nc3 b6 4.e4 d6 5.d4 cxd4 6.Nxd4 e6 7.Bg5 h6 8.Bxf6 
Qxf6 9.Ndb5 Qd8 10.e5 d5 11.cxd5 a6 12.Qa4 Bd7 13.dxe6 fxe6 14.Qe4 axb5 
15.Qxa8 b4 16.Nb5 Bc5 17.Qf3 Rf8 18.Qh5+ Ke7 19.O-O-O Rxf2 20.Qh4+ g5 21.
Qxh6 Qg8 22.Bd3 Nc6 23.Rhe1 b3 24.a3 Nd4 25.Bh7 Qc8 26.Qxg5+ Ke8 27.Bg6+ 
Kf8 28.Qh6+ 1-0

[Event "2nd GMA World Cup prel  #2"]
[Site "Moscow URS"]
[Date "1989.??.??"]
[Round "5"]
[White "Ubilava, Elizbar"]
[Black "Pigusov, Evgeny"]
[Result "1/2-1/2"]
[WhiteElo "2515"]
[BlackElo "2525"]
[EventDate "1989.05.??"]
[PlyCount "29"]

1.g3 c5 2.Bg2 g6 3.e4 Nc6 4.Ne2 Bg7 5.O-O d6 6.f4 e6 7.c3 Nge7 8.d3 O-O 9.
Nd2 f5 10.Nf3 h6 11.Be3 b6 12.Qc2 Bb7 13.exf5 exf5 14.Bf2 Qc7 15.Rfe1 
1/2-1/2

[Event "2nd GMA World Cup prel  #2"]
[Site "Moscow URS"]
[Date "1989.??.??"]
[Round "5"]
[White "Lobron, Eric"]
[Black "Stefansson, Hannes Hlifar"]
[Result "0-1"]
[WhiteElo "2555"]
[BlackElo "2480"]
[EventDate "1989.05.??"]
[PlyCount "65"]

1.e4 d5 2.exd5 Nf6 3.d4 Nxd5 4.Be2 g6 5.Nf3 Bg7 6.O-O O-O 7.Re1 c5 8.dxc5 
Na6 9.Bxa6 bxa6 10.c3 Bb7 11.Nd4 Qc7 12.c6 Bc8 13.Qf3 Rd8 14.Nd2 e5 15.Nc2
Qxc6 16.c4 Ne7 17.Qxc6 Nxc6 18.Ne4 f5 19.Nc5 Bf8 20.Na4 f4 21.Nc3 Bf5 22.
Ne4 Bxe4 23.Rxe4 Nb4 24.Ne1 Rd1 25.Kf1 Nd3 26.Ke2 Rxc1 27.Rxc1 Nxc1+ 28.
Kd2 Nxa2 29.Rxe5 Rd8+ 30.Kc2 Nb4+ 31.Kb3 Rb8 32.Re4 Nd3+ 33.Kc2 0-1

[Event "2nd GMA World Cup prel  #2"]
[Site "Moscow URS"]
[Date "1989.??.??"]
[Round "5"]
[White "Karpman, Vadim"]
[Black "Vyzhmanavin, Alexei"]
[Result "1/2-1/2"]
[WhiteElo "2480"]
[BlackElo "2550"]
[EventDate "1989.05.??"]
[PlyCount "83"]

1.d4 Nf6 2.c4 e6 3.Nc3 Bb4 4.Qc2 O-O 5.Nf3 c5 6.dxc5 Qa5 7.Bd2 Qxc5 8.e3 
Qb6 9.Be2 Nc6 10.O-O Be7 11.e4 Qc7 12.Rfd1 Ng4 13.Be1 a6 14.Rac1 Bc5 15.h3
Nge5 16.Na4 Nxf3+ 17.Bxf3 d6 18.Bc3 e5 19.Bg4 Be6 20.b3 g6 21.Bxe6 fxe6 
22.Nxc5 dxc5 23.f3 Nd4 24.Qf2 Rf6 25.Bd2 Kg7 26.Bg5 Rf7 27.Bh4 Raf8 28.Rd3
h6 29.Bg3 g5 30.Kh1 Kg6 31.Rd2 h5 32.h4 g4 33.Qe3 Rf4 34.Rf2 Qe7 35.fxg4 
Rxg4 36.Rxf8 Qxf8 37.Bxe5 Rxh4+ 38.Kg1 Qh6 39.Re1 Qxe3+ 40.Rxe3 Rg4 41.Bd6
Nc2 42.Re2 1/2-1/2

[Event "2nd GMA World Cup prel  #2"]
[Site "Moscow URS"]
[Date "1989.??.??"]
[Round "5"]
[White "Romanishin, Oleg"]
[Black "Kochiev, Alexander"]
[Result "1-0"]
[WhiteElo "2555"]
[BlackElo "2475"]
[EventDate "1989.05.??"]
[PlyCount "103"]

1.d4 Nf6 2.Nf3 g6 3.c4 Bg7 4.g3 O-O 5.Bg2 c6 6.Nc3 d5 7.Qb3 Qa5 8.O-O dxc4
9.Qxc4 Be6 10.Qd3 Na6 11.Ng5 Bd7 12.Bd2 Qd8 13.Rad1 h6 14.Nf3 Bf5 15.Qc4 
Nd5 16.Qb3 Ndb4 17.Rc1 Be6 18.Qa3 Nd5 19.e4 Nb6 20.b3 Bg4 21.Be3 Bxf3 22.
Bxf3 Qd6 23.Qxd6 exd6 24.Rfd1 Rad8 25.d5 c5 26.Nb5 Nc8 27.Bg4 f5 28.exf5 
gxf5 29.Bh3 Rd7 30.Bf4 Kh7 31.a3 Nb8 32.Re1 a6 33.Nc3 Rdf7 34.Re6 Nd7 35.
Bxd6 Nxd6 36.Rxd6 Ne5 37.Ne2 Nd3 38.Rd1 Nb2 39.Rc1 Nd3 40.Rc2 f4 41.Be6 
Be5 42.Bxf7 Bxd6 43.Be6 fxg3 44.Nxg3 Ne1 45.Rc3 Nf3+ 46.Kg2 Nh4+ 47.Kf1 b6
48.Re3 Kg6 49.Bd7 Bxg3 50.hxg3 Nf3 51.Be8+ Kg5 52.d6 1-0

[Event "2nd GMA World Cup prel  #2"]
[Site "Moscow URS"]
[Date "1989.??.??"]
[Round "5"]
[White "Goldin, Alexander"]
[Black "Smirin, Ilia"]
[Result "1/2-1/2"]
[WhiteElo "2535"]
[BlackElo "2490"]
[EventDate "1989.05.??"]
[PlyCount "40"]

1.d4 Nf6 2.Nf3 e6 3.c4 b6 4.g3 Ba6 5.Nbd2 Bb7 6.Bg2 c5 7.e4 Nxe4 8.Ne5 d5 
9.cxd5 Nxd2 10.Qa4+ Nd7 11.Bxd2 Bxd5 12.Bxd5 exd5 13.O-O f6 14.Rfe1 fxe5 
15.Rxe5+ Be7 16.Bg5 b5 17.Qxb5 Rb8 18.Qc6 Rb6 19.Qa4 Rb4 20.Qc6 Rb6 
1/2-1/2

[Event "2nd GMA World Cup prel  #2"]
[Site "Moscow URS"]
[Date "1989.??.??"]
[Round "5"]
[White "Anastasian, Ashot"]
[Black "Csom, Istvan"]
[Result "1/2-1/2"]
[WhiteElo "2475"]
[BlackElo "2545"]
[EventDate "1989.05.??"]
[PlyCount "136"]

1.c4 c5 2.Nc3 b6 3.e4 Bb7 4.g3 Nc6 5.Bg2 g6 6.Nge2 Bg7 7.O-O d6 8.d3 e6 9.
Be3 Nd4 10.Bxd4 cxd4 11.Qa4+ Ke7 12.Nb5 e5 13.f4 a6 14.Na3 Qc7 15.b4 Nh6 
16.c5 dxc5 17.bxc5 b5 18.Qb4 Bc6 19.fxe5 Qxe5 20.Nc2 Rhd8 21.Ne1 a5 22.Qb3
Kf8 23.Nf3 Qe8 24.Bh3 Kg8 25.Ng5 Ra7 26.a3 Qe5 27.Nf3 Qxc5 28.Rac1 Qb6 29.
Nf4 Kh8 30.Rf2 a4 31.Qa2 Re7 32.Ng5 Bb7 33.Rfc2 Bf6 34.Rc5 Bxg5 35.Rxg5 f5
36.exf5 Qf6 37.Nxg6+ hxg6 38.Rxg6 Qf8 39.Qf2 Rh7 40.Qf4 Nf7 41.Rc7 Ba8 42.
Bf1 b4 43.axb4 a3 44.Ra7 a2 45.Rxa2 Qxb4 46.h4 Qb7 47.Re2 Qh1+ 48.Kf2 Qd5 
49.Bh3 Bc6 50.Rge6 Qh1 51.Bf1 Qd5 52.Rc2 Rd6 53.Bh3 Rh6 54.Rce2 Qh1 55.Bf1
Qd5 56.Rxh6+ Rxh6 57.Re7 Kg7 58.Qg4+ Kf8 59.Re2 Rf6 60.Bh3 Qh1 61.Re6 Qh2+
62.Ke1 Qg1+ 63.Bf1 Rxe6+ 64.fxe6 Qe3+ 65.Be2 Qg1+ 66.Kd2 Qe3+ 67.Ke1 Qg1+ 
68.Kd2 Qe3+ 1/2-1/2

[Event "2nd GMA World Cup prel  #2"]
[Site "Moscow URS"]
[Date "1989.??.??"]
[Round "5"]
[White "Hansen, Curt"]
[Black "Lau, Ralf"]
[Result "1-0"]
[WhiteElo "2545"]
[BlackElo "2475"]
[EventDate "1989.05.??"]
[PlyCount "61"]

1.c4 e6 2.Nf3 d5 3.d4 Nf6 4.Nc3 Be7 5.Bg5 Nbd7 6.e3 h6 7.Bh4 Ne4 8.Bxe7 
Qxe7 9.Rc1 Nxc3 10.Rxc3 c6 11.Bd3 O-O 12.Bb1 dxc4 13.Rxc4 e5 14.Qc2 g6 15.
O-O exd4 16.Nxd4 Nf6 17.a3 Rd8 18.b4 Bd7 19.Ba2 Kh7 20.Qb2 Ne8 21.h3 Nd6 
22.Rc5 Qf6 23.Rd1 Re8 24.Rc2 Qe7 25.Nf3 Ne4 26.Qe5 Bf5 27.Qxe7 Rxe7 28.g4 
Bd7 29.Bxf7 Rf8 30.Bxg6+ Kxg6 31.Rxd7 1-0

[Event "2nd GMA World Cup prel  #2"]
[Site "Moscow URS"]
[Date "1989.??.??"]
[Round "5"]
[White "Petrosian, Arshak"]
[Black "Yudasin, Leonid"]
[Result "1/2-1/2"]
[WhiteElo "2475"]
[BlackElo "2540"]
[EventDate "1989.05.??"]
[PlyCount "49"]

1.d4 Nf6 2.c4 e6 3.Nf3 c5 4.d5 d6 5.Nc3 exd5 6.cxd5 g6 7.Bf4 a6 8.Nd2 Nh5 
9.Qa4+ Qd7 10.Qe4+ Be7 11.Bh6 b5 12.Qc2 f5 13.a4 b4 14.Nd1 Nf6 15.Ne3 Bb7 
16.Bg7 Rg8 17.Bxf6 Bxf6 18.Nec4 Qe7 19.e4 Nd7 20.Be2 fxe4 21.Nxe4 Bxd5 22.
Ncxd6+ Kf8 23.O-O Kg7 24.Bc4 Bxc4 25.Nxc4 1/2-1/2

[Event "2nd GMA World Cup prel  #2"]
[Site "Moscow URS"]
[Date "1989.??.??"]
[Round "5"]
[White "Smagin, Sergei"]
[Black "Mikhalchishin, Adrian"]
[Result "1/2-1/2"]
[WhiteElo "2540"]
[BlackElo "2475"]
[EventDate "1989.05.??"]
[PlyCount "87"]

1.e4 e5 2.Nf3 Nc6 3.Bb5 a6 4.Ba4 Nf6 5.O-O Nxe4 6.d4 b5 7.Bb3 d5 8.dxe5 
Be6 9.Be3 Nc5 10.Nc3 Nxb3 11.cxb3 Be7 12.Rc1 Qd7 13.Ne2 Rc8 14.Nf4 O-O 15.
Bc5 Rfd8 16.Bxe7 Nxe7 17.Qd4 Bg4 18.Ne1 c5 19.Rxc5 Nf5 20.Qc3 d4 21.Qc1 
Rxc5 22.Qxc5 g5 23.f3 gxf4 24.fxg4 Ne3 25.e6 fxe6 26.Qg5+ Kh8 27.Rxf4 d3 
28.Qf6+ Kg8 29.Nxd3 Qxd3 30.Qxe6+ Kh8 31.h3 Qd2 32.Qf6+ Kg8 33.Rf2 Qd1+ 
34.Kh2 Qd6+ 35.Qxd6 Rxd6 36.Re2 Nd5 37.Kg3 Kf7 38.h4 Nb4 39.a3 Nd3 40.g5 
Re6 41.Rd2 Nc5 42.Kg4 Nxb3 43.Rd7+ Kg8 44.h5 1/2-1/2

[Event "2nd GMA World Cup prel  #2"]
[Site "Moscow URS"]
[Date "1989.??.??"]
[Round "5"]
[White "Grunberg, Hans-Ulrich"]
[Black "Gutman, Lev"]
[Result "1-0"]
[WhiteElo "2475"]
[BlackElo "2535"]
[EventDate "1989.05.??"]
[PlyCount "77"]

1.d4 Nf6 2.c4 g6 3.Nc3 d5 4.cxd5 Nxd5 5.e4 Nxc3 6.bxc3 Bg7 7.Bc4 c5 8.Ne2 
O-O 9.O-O Nc6 10.Be3 Qc7 11.Rc1 Rd8 12.Bf4 Qd7 13.d5 Na5 14.Bd3 e5 15.Bg5 
Rf8 16.Qd2 f5 17.c4 b6 18.f4 Ba6 19.fxe5 fxe4 20.e6 Qd6 21.Bxe4 Bxc4 22.
Bf4 Be5 23.Bh6 Rxf1+ 24.Rxf1 Nc6 25.dxc6 Qxd2 26.Bxd2 Bxe2 27.Re1 Bc4 28.
c7 Rc8 29.e7 Bf7 30.Bd5 Bxd5 31.e8=Q+ Rxe8 32.Rxe5 Rc8 33.Rxd5 Rxc7 34.Bf4
Re7 35.Kf2 Re4 36.Kf3 Ra4 37.Rd7 Kf8 38.Rxh7 Rxa2 39.Rc7 1-0

[Event "2nd GMA World Cup prel  #2"]
[Site "Moscow URS"]
[Date "1989.??.??"]
[Round "5"]
[White "Kuzmin, Alexei"]
[Black "Khalifman, Alexander"]
[Result "0-1"]
[WhiteElo "2465"]
[BlackElo "2545"]
[EventDate "1989.05.??"]
[PlyCount "54"]

1.d4 Nf6 2.c4 c6 3.Nc3 d5 4.Nf3 dxc4 5.a4 Bf5 6.Ne5 e6 7.f3 Bb4 8.e4 Bxe4 
9.fxe4 Nxe4 10.Bd2 Qxd4 11.Nxe4 Qxe4+ 12.Qe2 Bxd2+ 13.Kxd2 Qd5+ 14.Kc2 Na6
15.Nxc4 O-O 16.Qe5 Rfd8 17.Be2 f6 18.Qe3 Qf5+ 19.Kc3 Nc7 20.Qf3 Qc5 21.Kb3
b5 22.axb5 Nxb5 23.Ka2 Nd4 24.Qf2 Rab8 25.Rac1 Rb4 26.Rhd1 e5 27.Rd2 Ra4+ 
0-1

[Event "2nd GMA World Cup prel  #2"]
[Site "Moscow URS"]
[Date "1989.??.??"]
[Round "5"]
[White "Adorjan, Andras"]
[Black "Glek, Igor"]
[Result "1-0"]
[WhiteElo "2525"]
[BlackElo "2475"]
[EventDate "1989.05.??"]
[PlyCount "75"]

1.c4 f5 2.d4 Nf6 3.g3 e6 4.Bg2 d5 5.Nc3 c6 6.cxd5 exd5 7.Nh3 Be7 8.O-O O-O
9.Nf4 Na6 10.Nd3 Nc7 11.e3 g5 12.b3 Ne6 13.Ne2 Qe8 14.Bb2 Bd6 15.Qc1 Rf7 
16.Ne5 Rg7 17.f3 h5 18.Qc2 h4 19.gxh4 gxh4 20.Kh1 Ng5 21.Nf4 Nh5 22.Rg1 
Be6 23.Qf2 Bxe5 24.dxe5 Nxf4 25.exf4 Nh7 26.Qxh4 Kh8 27.Bh3 Rxg1+ 28.Rxg1 
Qf7 29.Rg5 Rg8 30.Qh6 c5 31.Rxf5 Qg7 32.Qxg7+ Kxg7 33.Rh5 Bxh3 34.Rxh3 d4 
35.f5 Ng5 36.Rg3 Kf8 37.e6 Nh7 38.b4 1-0

[Event "2nd GMA World Cup prel  #2"]
[Site "Moscow URS"]
[Date "1989.??.??"]
[Round "5"]
[White "Popovic, Petar"]
[Black "Popchev, Milko"]
[Result "1/2-1/2"]
[WhiteElo "2535"]
[BlackElo "2465"]
[EventDate "1989.05.??"]
[PlyCount "50"]

1.e4 d6 2.d4 Nf6 3.Nc3 g6 4.g3 Bg7 5.Bg2 O-O 6.Nge2 e5 7.h3 exd4 8.Nxd4 
Nbd7 9.O-O Nc5 10.Re1 Re8 11.Bf4 Nfd7 12.b3 Nf8 13.Qd2 Bd7 14.Bg5 f6 15.
Be3 Nfe6 16.Nxe6 Nxe6 17.Rad1 Bc6 18.Nd5 a5 19.c4 Kh8 20.Qc2 Qd7 21.Bc1 
Qf7 22.Bb2 a4 23.Bc3 axb3 24.axb3 Nc5 25.Qb2 Bxd5 1/2-1/2

[Event "2nd GMA World Cup prel  #2"]
[Site "Moscow URS"]
[Date "1989.??.??"]
[Round "5"]
[White "Petursson, Margeir"]
[Black "Timoschenko, Gennady"]
[Result "1-0"]
[WhiteElo "2530"]
[BlackElo "2460"]
[EventDate "1989.05.??"]
[PlyCount "115"]

1.d4 Nf6 2.c4 g6 3.Nc3 Bg7 4.e4 d6 5.f3 O-O 6.Be3 Nc6 7.Qd2 a6 8.Nge2 Rb8 
9.Nc1 e5 10.Nb3 exd4 11.Nxd4 Nxd4 12.Bxd4 c6 13.Be2 b5 14.O-O Be6 15.b3 
bxc4 16.bxc4 c5 17.Be3 Nd7 18.Rab1 Qa5 19.Nd5 Qa3 20.Bf2 Bxd5 21.cxd5 Bc3 
22.Qc2 Bd4 23.Rb3 Bxf2+ 24.Kxf2 Qa4 25.Qc4 Qxc4 26.Bxc4 a5 27.Bb5 Ne5 28.
f4 c4 29.Rbb1 Ng4+ 30.Kg3 Ne3 31.Rfc1 f5 32.Kf3 Ng4 33.h3 Nf6 34.e5 Ne4 
35.Ke3 Rfc8 36.g4 Kf8 37.gxf5 gxf5 38.Bd7 Rxb1 39.Rxb1 Rd8 40.Bxf5 Nc3 41.
Rc1 Nxd5+ 42.Ke4 Nb4 43.exd6 Nxa2 44.Rxc4 Rxd6 45.Ke5 Ra6 46.Bc8 Rb6 47.
Be6 Nb4 48.f5 Nc6+ 49.Kf6 Ra6 50.Rh4 Ra7 51.Rg4 Ne7 52.Rd4 Ra8 53.Rd7 Ng8+
54.Kg5 a4 55.Rf7+ Ke8 56.Rxh7 a3 57.Bxg8 a2 58.Bf7+ 1-0

[Event "2nd GMA World Cup prel  #2"]
[Site "Moscow URS"]
[Date "1989.??.??"]
[Round "5"]
[White "Kaidanov, Gregory"]
[Black "Reshevsky, Samuel"]
[Result "1-0"]
[WhiteElo "2535"]
[BlackElo "2450"]
[EventDate "1989.05.??"]
[PlyCount "95"]

1.c4 Nf6 2.Nc3 c5 3.Nf3 b6 4.e4 d6 5.d4 cxd4 6.Nxd4 e6 7.g3 Bb7 8.Bg2 a6 
9.O-O Qc7 10.Bg5 Nbd7 11.Re1 Be7 12.Nd5 Nxd5 13.exd5 Bxg5 14.dxe6 Ne5 15.
exf7+ Qxf7 16.Bxb7 Qxb7 17.f4 O-O 18.fxe5 dxe5 19.Ne6 Be7 20.Qd5 Qxd5 21.
cxd5 Rfc8 22.Rac1 b5 23.Kf2 Rc4 24.b3 Rcc8 25.Kf3 Ba3 26.Rxc8+ Rxc8 27.
Rxe5 h6 28.Re2 Kf7 29.Ke4 Bd6 30.Rf2+ Kg6 31.g4 Rc1 32.Rf5 Re1+ 33.Kd4 
Rd1+ 34.Ke4 Re1+ 35.Kd3 Rd1+ 36.Ke2 Rh1 37.Nf8+ Bxf8 38.Rxf8 Rxh2+ 39.Ke3 
Rh1 40.Kd4 Kg5 41.d6 Kxg4 42.Kc5 Rd1 43.Kc6 h5 44.d7 h4 45.d8=Q Rxd8 46.
Rxd8 h3 47.Rh8 Kg3 48.Rg8 1-0

[Event "2nd GMA World Cup prel  #2"]
[Site "Moscow URS"]
[Date "1989.??.??"]
[Round "5"]
[White "Fauland, Alexander"]
[Black "Dautov, Rustem"]
[Result "0-1"]
[WhiteElo "2450"]
[BlackElo "2535"]
[EventDate "1989.05.??"]
[PlyCount "52"]

1.c4 e5 2.g3 d6 3.Bg2 f5 4.d4 Nf6 5.Nc3 Be7 6.b3 O-O 7.Bb2 c6 8.e4 fxe4 9.
dxe5 Bg4 10.exf6 Bxd1 11.fxe7 Qxe7 12.Rxd1 e3 13.f4 Rxf4 14.Nh3 Rf8 15.Ba3
c5 16.Nf4 Nc6 17.O-O Nd4 18.Rde1 Nc2 19.Bc1 Qe5 20.Bb2 Nxe1 21.Rxe1 Rxf4 
22.gxf4 Qxf4 23.Nd1 Re8 24.Bc1 Qh4 25.Bd5+ Kh8 26.Rxe3 Rxe3 0-1

[Event "2nd GMA World Cup prel  #2"]
[Site "Moscow URS"]
[Date "1989.??.??"]
[Round "5"]
[White "Lautier, Joel"]
[Black "Lerner, Konstantin"]
[Result "1/2-1/2"]
[WhiteElo "2450"]
[BlackElo "2535"]
[EventDate "1989.05.??"]
[PlyCount "55"]

1.d4 Nf6 2.c4 e6 3.Nf3 b6 4.g3 Ba6 5.b3 Bb4+ 6.Bd2 Be7 7.Nc3 c6 8.e4 d5 9.
e5 Ne4 10.Bd3 Nxc3 11.Bxc3 c5 12.dxc5 Bxc5 13.O-O Bb7 14.Qe2 dxc4 15.Bxc4 
O-O 16.b4 Be7 17.Rac1 b5 18.Bxb5 Qd5 19.Kg2 a5 20.bxa5 Ba3 21.Rcd1 Qc5 22.
Bb2 Rxa5 23.Bd3 Bxb2 24.Qxb2 Bd5 25.Rc1 Qa7 26.Bc4 Bxc4 27.Rxc4 Rxa2 28.
Qd4 1/2-1/2

[Event "2nd GMA World Cup prel  #2"]
[Site "Moscow URS"]
[Date "1989.??.??"]
[Round "5"]
[White "Bagirov, Vladimir"]
[Black "Chiburdanidze, Maia"]
[Result "1/2-1/2"]
[WhiteElo "2460"]
[BlackElo "2520"]
[EventDate "1989.05.??"]
[PlyCount "48"]

1.b3 e5 2.Bb2 d6 3.e3 Nf6 4.g3 Bd7 5.Bg2 Bc6 6.Nf3 Be7 7.O-O O-O 8.c4 b5 
9.d4 exd4 10.exd4 bxc4 11.bxc4 Na6 12.d5 Bd7 13.Nbd2 Nc5 14.Bd4 Ba4 15.Qc1
Nfd7 16.Qa3 Bf6 17.Nb3 Bxd4 18.Nfxd4 Qf6 19.Nxc5 Nxc5 20.Nb3 Qc3 21.Rfc1 
Qd3 22.Bf1 Qf3 23.Bg2 Qd3 24.Bf1 Qf3 1/2-1/2

[Event "2nd GMA World Cup prel  #2"]
[Site "Moscow URS"]
[Date "1989.??.??"]
[Round "5"]
[White "Gheorghiu, Florin"]
[Black "Shirov, Alexei"]
[Result "0-1"]
[WhiteElo "2515"]
[BlackElo "2450"]
[EventDate "1989.05.??"]
[PlyCount "56"]

1.d4 Nf6 2.c4 g6 3.Nc3 Bg7 4.e4 d6 5.f3 O-O 6.Be3 c5 7.Nge2 Nc6 8.Qd2 b6 
9.Rd1 e6 10.g3 Ba6 11.b3 Re8 12.Kf2 d5 13.e5 cxd4 14.Bxd4 Nd7 15.cxd5 
Ncxe5 16.Nf4 Bb7 17.Be2 exd5 18.Nfxd5 Nf6 19.Nf4 Qe7 20.Rhe1 Rad8 21.Qc1 
g5 22.Bb5 Rxd4 23.Rxd4 Nfg4+ 24.Kf1 Nxh2+ 25.Kg2 Nhxf3 26.Nfd5 Nxd4 27.
Bxe8 Qe6 28.Qe3 Nc2 0-1

[Event "2nd GMA World Cup prel  #2"]
[Site "Moscow URS"]
[Date "1989.??.??"]
[Round "5"]
[White "Kupreichik, Viktor"]
[Black "Ulibin, Mikhail"]
[Result "0-1"]
[WhiteElo "2520"]
[BlackElo "2445"]
[EventDate "1989.05.??"]
[PlyCount "120"]

1.e4 e6 2.d4 d5 3.e5 c5 4.c3 Nc6 5.Nf3 Qb6 6.Be2 cxd4 7.cxd4 Nh6 8.Nc3 Nf5
9.Na4 Qa5+ 10.Bd2 Bb4 11.Bc3 b5 12.a3 Bxc3+ 13.Nxc3 b4 14.axb4 Qxb4 15.Bb5
Bd7 16.Qa4 Qxb2 17.Nxd5 exd5 18.O-O Nfxd4 19.Rfb1 Nxf3+ 20.gxf3 Qc3 21.Rc1
Qb4 22.Bxc6 Qxa4 23.Rxa4 Bxc6 24.Rxc6 Ke7 25.Rc7+ Ke6 26.Ra6+ Kxe5 27.Rxf7
g5 28.Re7+ Kd4 29.Rd7 Rad8 30.Rdxa7 h6 31.Kg2 Kc3 32.Rc6+ Kd2 33.Ra2+ Kd3 
34.Ra1 Kd4 35.Kg3 Rc8 36.Rca6 Rc4 37.Rd1+ Ke5 38.Re1+ Kd4 39.Ree6 Kc3 40.
Ra3+ Kd2 41.Ra2+ Kc3 42.Ra5 Rd8 43.Ra3+ Kb2 44.Raa6 h5 45.Rab6+ Kc2 46.
Re2+ Kd1 47.Rbb2 d4 48.Rbd2+ Kc1 49.Ra2 Kb1 50.Red2 Rb8 51.h4 gxh4+ 52.Kf4
d3+ 53.Ke3 Rc2 54.Ra4 Re8+ 55.Kxd3 Rd8+ 56.Ke3 Rdxd2 57.Rxh4 Re2+ 58.Kd3 
Rxf2 59.Ke3 Rh2 60.Rb4+ Rb2 0-1

[Event "2nd GMA World Cup prel  #2"]
[Site "Moscow URS"]
[Date "1989.??.??"]
[Round "5"]
[White "Sveshnikov, Evgeny"]
[Black "Balashov, Yury"]
[Result "1/2-1/2"]
[WhiteElo "2435"]
[BlackElo "2530"]
[EventDate "1989.05.??"]
[PlyCount "73"]

1.e4 e5 2.Nf3 Nc6 3.d4 exd4 4.Nxd4 Bc5 5.Be3 Qf6 6.c3 Nge7 7.g3 d5 8.Nd2 
Bb6 9.Bg2 dxe4 10.Nxe4 Qg6 11.Nb5 O-O 12.Bxb6 Bh3 13.Nf6+ Qxf6 14.Bxh3 
cxb6 15.O-O Rad8 16.Qe2 Qh6 17.Bg2 Rd2 18.Qe4 a6 19.Na3 b5 20.Rad1 Rfd8 
21.Rxd2 Rxd2 22.Qb1 Ne5 23.Qe4 N5c6 24.Qb1 Qe6 25.Qc1 Rd8 26.Rd1 Rxd1+ 27.
Qxd1 Qxa2 28.Bxc6 Nxc6 29.Qd7 g6 30.Qxb7 Qxb2 31.Qxa6 Ne5 32.Qxb5 Qxc3 33.
Qe2 f6 34.Nc2 h5 35.Ne1 h4 36.Kg2 Qc6+ 37.f3 1/2-1/2

[Event "2nd GMA World Cup prel  #2"]
[Site "Moscow URS"]
[Date "1989.??.??"]
[Round "5"]
[White "Tunik, Gennady"]
[Black "Timoshenko, Georgy"]
[Result "1/2-1/2"]
[WhiteElo "2435"]
[BlackElo "2530"]
[EventDate "1989.05.??"]
[PlyCount "141"]

1.d4 Nf6 2.c4 e6 3.Nf3 b6 4.a3 Bb7 5.Nc3 d5 6.cxd5 Nxd5 7.Qc2 Nxc3 8.Qxc3 
h6 9.e3 Be7 10.Bb5+ c6 11.Be2 Nd7 12.b4 a5 13.bxa5 Rxa5 14.Bb2 O-O 15.O-O 
Qc7 16.Rfc1 Rfa8 17.Nd2 c5 18.Nb3 R5a7 19.dxc5 Bf6 20.Qd2 Bxb2 21.Qxb2 
bxc5 22.Nd2 Nb6 23.Nc4 Na4 24.Qe5 Bd5 25.Qxc7 Rxc7 26.Rab1 Rb7 27.Rxb7 
Bxb7 28.Kf1 Bd5 29.f3 Bxc4 30.Rxc4 Ra5 31.Ke1 Nb6 32.Rc3 c4 33.e4 Kf8 34.
Kd2 Ke7 35.Bxc4 Rxa3 36.Be2 Rxc3 37.Kxc3 Kd6 38.Kd4 e5+ 39.Ke3 Kc5 40.h4 
f6 41.h5 Kb4 42.Ba6 Kc3 43.Bb5 Na8 44.Bd7 Nc7 45.Bc8 Nb5 46.Bd7 Nd4 47.Bc8
Kc2 48.Ba6 Kd1 49.Kf2 Ne6 50.Bc4 Nd4 51.Ba6 Kd2 52.Bc4 Kc3 53.Bf7 Kd3 54.
Bd5 Nb5 55.Bf7 Nc3 56.Bb3 Kd2 57.Bc4 Nd1+ 58.Kg3 Ke1 59.Ba6 Nc3 60.Bc4 Nd1
61.Ba6 Ne3 62.Bd3 Kd2 63.Ba6 Kc3 64.Kf2 Nc2 65.Bb5 Nd4 66.Bd7 Kd2 67.Be8 
Ne2 68.Bb5 Nf4 69.g3 Nd3+ 70.Bxd3 Kxd3 71.Kf1 1/2-1/2

[Event "2nd GMA World Cup prel  #2"]
[Site "Moscow URS"]
[Date "1989.??.??"]
[Round "5"]
[White "Rashkovsky, Nukhim"]
[Black "Savon, Vladimir"]
[Result "1-0"]
[WhiteElo "2520"]
[BlackElo "2425"]
[EventDate "1989.05.??"]
[PlyCount "97"]

1.d4 Nf6 2.c4 e6 3.Nf3 d5 4.Nc3 Nbd7 5.Bg5 h6 6.Bh4 Be7 7.Qc2 O-O 8.e3 
dxc4 9.Bxc4 a6 10.a3 b5 11.Ba2 Bb7 12.Rd1 Qe8 13.Bb1 g6 14.O-O c5 15.dxc5 
Nxc5 16.b4 Ncd7 17.e4 Kh7 18.Qd2 Rc8 19.Rfe1 Nb6 20.Qd4 Nfd7 21.Bxe7 Qxe7 
22.h4 Rfd8 23.h5 g5 24.Nd5 Nxd5 25.exd5+ Kg8 26.Qa7 Rb8 27.dxe6 fxe6 28.
Nd4 Bd5 29.Nxe6 Ra8 30.Qe3 Bxe6 31.Qxe6+ Qxe6 32.Rxe6 Nf8 33.Red6 Rxd6 34.
Rxd6 Kg7 35.Be4 Ra7 36.Rb6 a5 37.Rxb5 axb4 38.axb4 Ra1+ 39.Kh2 Ne6 40.g3 
Re1 41.Bd5 Nd4 42.Rb6 Re5 43.Rg6+ Kf8 44.Bc4 g4 45.Rxg4 Rxh5+ 46.Kg2 Nc6 
47.b5 Nd4 48.Rg8+ Ke7 49.b6 1-0

[Event "2nd GMA World Cup prel  #2"]
[Site "Moscow URS"]
[Date "1989.??.??"]
[Round "5"]
[White "Sunye Neto, Jaime"]
[Black "Padevsky, Nikola"]
[Result "1/2-1/2"]
[WhiteElo "2510"]
[BlackElo "2435"]
[EventDate "1989.05.??"]
[PlyCount "94"]

1.c4 e5 2.Nc3 d6 3.g3 Nf6 4.Bg2 Be7 5.Nf3 O-O 6.d4 Nbd7 7.O-O c6 8.Qc2 Qc7
9.b3 Re8 10.Bb2 Bf8 11.e3 a6 12.a4 b6 13.Rac1 Bb7 14.Rfd1 Rad8 15.d5 cxd5 
16.cxd5 Rc8 17.Qe2 Qd8 18.Nd2 a5 19.e4 g6 20.Bh3 Rc7 21.Nb5 Rxc1 22.Rxc1 
Nc5 23.f3 Bh6 24.Rc3 Bxd2 25.Qxd2 Ba6 26.Bf1 Rf8 27.Qe3 Qe7 28.Ba3 Nfd7 
29.Na7 Bxf1 30.Nc6 Qe8 31.Kxf1 f5 32.Kg2 fxe4 33.fxe4 Qf7 34.Rc1 Kh8 35.
Re1 g5 36.Kh1 g4 37.b4 axb4 38.Bxb4 Qf3+ 39.Qxf3 Rxf3 40.a5 Nd3 41.Rb1 
Nxb4 42.Rxb4 bxa5 43.Nxa5 Nc5 44.Nb7 Nxb7 45.Rxb7 Re3 46.Rd7 Rxe4 47.Rxd6 
Rd4 1/2-1/2

[Event "2nd GMA World Cup prel  #2"]
[Site "Moscow URS"]
[Date "1989.??.??"]
[Round "5"]
[White "Tseitlin, Mark"]
[Black "Dizdarevic, Emir"]
[Result "1/2-1/2"]
[WhiteElo "2430"]
[BlackElo "2510"]
[EventDate "1989.05.??"]
[PlyCount "103"]

1.e4 c5 2.Nf3 e6 3.b3 b6 4.c4 Bb7 5.Nc3 Nf6 6.d3 d6 7.g3 g6 8.Bg2 Bg7 9.
O-O O-O 10.Bb2 Nc6 11.a3 Nd7 12.Rb1 Qe7 13.Ne1 Nd4 14.f4 Rae8 15.b4 Qd8 
16.Nf3 f5 17.Nxd4 Bxd4+ 18.Kh1 Nf6 19.Qc2 Ng4 20.Nd1 e5 21.h3 exf4 22.Rxf4
Bxb2 23.Rxb2 Nf6 24.exf5 Re1+ 25.Kh2 Bxg2 26.Qxg2 Nh5 27.Rf1 Rxf1 28.Qxf1 
Rxf5 29.Qg2 Rf7 30.Nc3 Qg5 31.Re2 Nf6 32.Ne4 Nxe4 33.Qxe4 Kg7 34.d4 Qf6 
35.bxc5 bxc5 36.dxc5 dxc5 37.Qe3 Qd4 38.Qxd4+ cxd4 39.Rd2 Rd7 40.Kg2 Kf6 
41.Kf3 Ke5 42.Re2+ Kd6 43.Re8 Rc7 44.Ke4 Rxc4 45.Rd8+ Ke6 46.Rxd4 Rc3 47.
Ra4 Rxg3 48.Ra6+ Kf7 49.Rxa7+ Kg8 50.h4 Rg4+ 51.Ke5 Rxh4 52.a4 1/2-1/2

[Event "2nd GMA World Cup prel  #2"]
[Site "Moscow URS"]
[Date "1989.??.??"]
[Round "5"]
[White "Klaric, Zlatko"]
[Black "Fishbein, Alexander"]
[Result "1/2-1/2"]
[WhiteElo "2445"]
[BlackElo "2490"]
[EventDate "1989.05.??"]
[PlyCount "96"]

1.d4 Nf6 2.Nf3 e6 3.Bg5 c5 4.e3 cxd4 5.exd4 b6 6.Nbd2 Bb7 7.Bd3 Be7 8.Bxf6
Bxf6 9.Qe2 a6 10.O-O-O b5 11.Ne4 Bxe4 12.Qxe4 d5 13.Qf4 Nc6 14.h4 Rc8 15.
Kb1 Qb6 16.Rhe1 Nxd4 17.Nxd4 Bxd4 18.Qxd4 Qxd4 19.Bxb5+ axb5 20.Rxd4 Kd7 
21.Rb4 Rc5 22.Re3 Rhc8 23.c3 Kd6 24.h5 R8c7 25.a3 e5 26.Rg3 f5 27.a4 bxa4 
28.Rxa4 e4 29.f4 Re7 30.Kc2 Rc6 31.Ra8 Ke6 32.Rg8 Rcc7 33.Rd8 Red7 34.Rxd7
Rxd7 35.b4 d4 36.cxd4 Kd5 37.Rg5 Rc7+ 38.Kd2 Kxd4 39.Rxf5 e3+ 40.Ke2 Rc2+ 
41.Kf3 Rf2+ 42.Kg3 Rf1 43.Re5 Kd3 44.Rd5+ Kc2 45.Re5 Kd2 46.Rd5+ Kc2 47.
Re5 Kd2 48.Rd5+ Kc2 1/2-1/2

[Event "2nd GMA World Cup prel  #2"]
[Site "Moscow URS"]
[Date "1989.??.??"]
[Round "5"]
[White "Kholmov, Ratmir"]
[Black "Szekely, Peter"]
[Result "1/2-1/2"]
[WhiteElo "2510"]
[BlackElo "2420"]
[EventDate "1989.05.??"]
[PlyCount "81"]

1.e4 c5 2.Nf3 d6 3.d4 cxd4 4.Nxd4 Nf6 5.Nc3 a6 6.g3 e6 7.Bg2 Be7 8.O-O O-O
9.b3 Bd7 10.Nce2 Nc6 11.c4 Nxd4 12.Nxd4 b5 13.cxb5 axb5 14.Bb2 Qb6 15.e5 
dxe5 16.Bxa8 Rxa8 17.Nf3 e4 18.Ne5 Be8 19.Qe2 Bc5 20.Ng4 Nxg4 21.Qxg4 Bf8 
22.Qxe4 Bc6 23.Qe3 Qb7 24.f3 b4 25.Kg2 Ra5 26.Rf2 h6 27.Bd4 Be7 28.Re1 Rd5
29.Kg1 e5 30.Ba7 Ra5 31.Rc1 Bg5 32.f4 exf4 33.gxf4 Bh4 34.Rfc2 Qxa7 35.
Qxa7 Rxa7 36.Rxc6 Rxa2 37.R1c4 Be1 38.Rc8+ Kh7 39.R4c7 Bc3 40.Rxf7 Kg6 41.
Rfc7 1/2-1/2